Knock, knock, who's there? (Record no. 77523)

MARC details
000 -LEADER
fixed length control field 01050cab a2200229 4500
001 - CONTROL NUMBER
control field ##L134433
008 - FIXED-LENGTH DATA ELEMENTS--GENERAL INFORMATION
fixed length control field 060804n2006 000 0 eng u
035 ## - SYSTEM CONTROL NUMBER
System control number (Sirsi) u134433
041 0# - LANGUAGE CODE
Language code of text/sound track or separate title eng
100 1# - MAIN ENTRY--PERSONAL NAME
Personal name Russell, Paul
245 00 - TITLE STATEMENT
Title Knock, knock, who's there?
260 ## - PUBLICATION, DISTRIBUTION, ETC.
Date of publication, distribution, etc. 2006
490 #0 - SERIES STATEMENT
Series statement Insight
Volume/sequential designation August 2006, 20-21(2)
520 ## - SUMMARY, ETC.
Summary, etc. Advises on determining liability to pay non-domestic rates with respect to a hereditament entered into the rating list. Discusses the relevant case law from 1791 onwards. Considers the definition of exclusive control, the importance of the description and address being shown on rate demands, and how courts have dealt with separately occupied parts of a building that cannot be split.
590 ## - LOCAL NOTE (RLIN)
Local note IKA010806
650 24 - SUBJECT ADDED ENTRY--TOPICAL TERM
Topical term or geographic name entry element CAMDEN LBC V HERWALD
650 24 - SUBJECT ADDED ENTRY--TOPICAL TERM
Topical term or geographic name entry element WIMBOURNE DC V BRAYNE CONSTRUCTION LTD AND WH WHITE AND CO LTD
650 24 - SUBJECT ADDED ENTRY--TOPICAL TERM
Topical term or geographic name entry element STREET V MOUNTFORD
651 #4 - SUBJECT ADDED ENTRY--GEOGRAPHIC NAME
Geographic name England and Wales
Chronological subdivision 1543-
690 ## - LOCAL SUBJECT ADDED ENTRY--TOPICAL TERM (OCLC, RLIN)
Topical term or geographic name as entry element PROPERTY-COMMERCIAL PROPERTY-COMMERCIAL PROPERTY TAXATION-BUSINESS RATES
942 ## - ADDED ENTRY ELEMENTS (KOHA)
Suppress in OPAC 0
Holdings
Withdrawn status Lost status Source of classification or shelving scheme Damaged status Not for loan Home library Current library Shelving location Date acquired Total Checkouts Full call number Barcode Date last seen Copy number Price effective from Koha item type
    Dewey Decimal Classification     London London Journal article 04/08/2006   L134433 134433-1001 06/08/2019 1 06/08/2019 Journal article